Statistiques concernant Pays alpins

Cliquez ici pour prendre le quiz!

Statistiques générales

  • Ce quiz a été pris 7,417 fois
  • Le résultat moyen est 7 sur 8

Statistiques - réponses

Pays % Correct
France
100%
Suisse
99%
Italie
98%
Autriche
95%
Allemagne
95%
Liechtenstein
78%
Slovénie
73%
Monaco
59%

Distribution des résultats

Percentile by Number Answered

% des personnes avec chaque résultat

Votre développement - résultats

Vous n’avez pas pris ce quiz